000 00303nam a22001337a 4500
003 SGT
082 _a370
_bS06R
100 _aRANCHAN, SOM P.
245 _aSONIA GANDHI: A PROFILE IN COURAGE AND GRACE
260 _aNEW DELHI
_bINDIAN PUB
_c2006
300 _a66
650 _aEDUCATION
942 _2ddc
_cBK
999 _c12545
_d12545